000 00967nam a22002537a 4500
003 OSt
005 20241127110019.0
008 241121b |||||||| |||| 00| 0 spa d
020 _a9789588857503
037 _bDonación
040 _aCO-JMCR
_bspa
_cCO-JMCR
_erda
_dCO-JMCR
041 0 _aspa
082 0 4 _a323.4
_bC65g
_223
110 1 _aColombia.
_bConsejo de Estado.
_943894
245 1 0 _aGraves violaciones a los derechos humanos e infracciones al derecho internacional humanitario :
_bjurisprudencias básica del Consejo de Estado desde 1916 /
_cConsejo de Estado.
250 _aPrimera edición 2016, tercera reimpresión 2017.
264 _aBogotá :
_bRepública de Colombia :
_bConsejo de Estado,
_c2017.
300 _a525 páginas ;
_c23 cm.
_e1 USB.
500 _aIncluye índice Geográfico.
500 _aIncluye índice temático.
500 _aIncluye índice de casos.
504 _aIncluye bibliografía (página 509).
942 _2ddc
_cBK
999 _c30869
_d17253